<?xml version="1.0" encoding="UTF-8"?>
<collection xmlns="http://www.loc.gov/MARC21/slim">
<record>
  <controlfield tag="001">156197</controlfield>
  <controlfield tag="005">20250516093842.0</controlfield>
  <datafield tag="037" ind1=" " ind2=" ">
    <subfield code="a">TAZ-TFG-2020-5258</subfield>
  </datafield>
  <datafield tag="041" ind1=" " ind2=" ">
    <subfield code="a">spa</subfield>
  </datafield>
  <datafield tag="100" ind1="1" ind2=" ">
    <subfield code="a">Ferrando Doñate, Elena</subfield>
  </datafield>
  <datafield tag="242" ind1="0" ind2="0">
    <subfield code="a">Gross motor skills work in students with ASD from the specialized classroom of a Preferential Educational Attention Center. Intervention proposal</subfield>
  </datafield>
  <datafield tag="245" ind1="0" ind2="0">
    <subfield code="a">Trabajo de la motricidad gruesa en alumnado con TEA desde el aula especializada de un Centro de Atención Educativa Preferente. Propuesta de intervención</subfield>
  </datafield>
  <datafield tag="260" ind1=" " ind2=" ">
    <subfield code="a">Zaragoza</subfield>
    <subfield code="b">Universidad de Zaragoza</subfield>
    <subfield code="c">2020</subfield>
  </datafield>
  <datafield tag="506" ind1=" " ind2=" ">
    <subfield code="a">by-nc-sa</subfield>
    <subfield code="b">Creative Commons</subfield>
    <subfield code="c">3.0</subfield>
    <subfield code="u">http://creativecommons.org/licenses/by-nc-sa/3.0/</subfield>
  </datafield>
  <datafield tag="520" ind1=" " ind2=" ">
    <subfield code="a">No cabe duda de que la actividad física, practicada de manera regular, asegura unos beneficios evidentes en las personas, tanto a nivel físico como a nivel social y mental. Teniendo en cuenta las dificultades motrices que presentan las personas con Trastorno del Espectro Autista, resulta importante trabajarlas no solo desde la inclusión en las sesiones de Educación Física, sino también desde el aula especializada de los Centros de Atención Educativa Preferente.&lt;br />Es por ello por lo que con el presente trabajo se pretende hacer una revisión bibliográfica sobre las características del alumnado con TEA y la metodología que mejor cubre sus necesidades, y ofrecer así una propuesta de intervención que pueda llevarse a cabo en dichas aulas especializadas en TEA para comprobar si existe o no una mejora significativa en sus habilidades motrices y sociales.&lt;br />&lt;br /></subfield>
  </datafield>
  <datafield tag="521" ind1=" " ind2=" ">
    <subfield code="a">Graduado en Magisterio en Educación Primaria</subfield>
  </datafield>
  <datafield tag="540" ind1=" " ind2=" ">
    <subfield code="a">Derechos regulados por licencia Creative Commons</subfield>
  </datafield>
  <datafield tag="700" ind1=" " ind2=" ">
    <subfield code="a">Abarca Sos, Alberto</subfield>
    <subfield code="e">dir.</subfield>
  </datafield>
  <datafield tag="710" ind1="2" ind2=" ">
    <subfield code="a">Universidad de Zaragoza</subfield>
    <subfield code="b">Expresión Musical, Plástica y Corporal</subfield>
    <subfield code="c">Didáctica de la Expresión Corporal</subfield>
  </datafield>
  <datafield tag="856" ind1="0" ind2=" ">
    <subfield code="f">740289@unizar.es</subfield>
  </datafield>
  <datafield tag="856" ind1="4" ind2=" ">
    <subfield code="s">3119229</subfield>
    <subfield code="u">http://zaguan.unizar.es/record/156197/files/TAZ-TFG-2020-5258.pdf</subfield>
    <subfield code="y">Memoria (spa)</subfield>
  </datafield>
  <datafield tag="909" ind1="C" ind2="O">
    <subfield code="o">oai:zaguan.unizar.es:156197</subfield>
    <subfield code="p">driver</subfield>
    <subfield code="p">trabajos-fin-grado</subfield>
  </datafield>
  <datafield tag="950" ind1=" " ind2=" ">
    <subfield code="a"></subfield>
  </datafield>
  <datafield tag="980" ind1=" " ind2=" ">
    <subfield code="a">TAZ</subfield>
    <subfield code="b">TFG</subfield>
    <subfield code="c">FCSH</subfield>
  </datafield>
  <datafield tag="999" ind1=" " ind2=" ">
    <subfield code="a">20201214193128.CREATION_DATE</subfield>
  </datafield>
  <datafield tag="951" ind1=" " ind2=" ">
    <subfield code="a">deposita:2025-05-16</subfield>
  </datafield>
</record>
</collection>